Top 1,000 NBA Players (#501-1,000) - Statistics

General Stats
  • This quiz has been taken 333 times
  • The average score is 52 of 498
Answer Stats
# Player NBA Career % Correct
806 Avery Johnson 1988-2004
61%
610 Boag Johnson 1947-1953
61%
641 Eddie Johnson 1981-1999
61%
877 Hot Rod Williams 1986-1999
61%
942 Charlie Williams 1967-1973
60%
698 Jason Williams 1998-2011
60%
568 Michael Carter-Williams 2013-Present
60%
927 Dennis Smith Jr. 2017-Present
56%
754 Joe Smith 1995-2011
56%
897 J.R. Smith 2004-2020
56%
766 Kenny Smith 1987-1997
56%
507 Jaylen Brown 2016-Present
55%
968 Snapper Jones 1967-1976
50%
549 Wah Wah Jones 1949-1952
50%
672 Reggie Jackson 2011-Present
48%
668 Stephen Jackson 2000-2014
47%
503 Jayson Tatum 2017-Present
46%
616 Si Green 1956-1965
46%
813 Jim Davis 1967-1975
41%
741 Jim Jackson 1992-2006
41%
856 Thaddeus Young 2007-Present
40%
567 Zion Williamson 2019-Present
40%
673 Cliff Robinson 1979-1992
39%
848 Tony Allen 2004-2018
39%
628 Nick Anderson 1989-2002
37%
809 Corliss Williamson 1995-2007
36%
875 Anthony Edwards 2020-Present
35%
843 Lonzo Ball 2017-Present
35%
982 James Edwards 1977-1996
34%
971 Steven Adams 2013-Present
34%
515 De'Aaron Fox 2017-Present
33%
753 Mike Miller 2000-2017
33%
744 Tobias Harris 2011-Present
33%
509 D'Angelo Russell 2015-Present
32%
770 Jerami Grant 2014-Present
32%
808 Ben Gordon 2004-2015
31%
665 Ja Morant 2019-Present
31%
532 Lionel Simmons 1990-1997
30%
804 Dejounte Murray 2016-Present
29%
909 Jamal Murray 2016-Present
29%
914 Michael Porter Jr. 2018-Present
29%
552 Brandon Ingram 2016-Present
28%
896 Sam Perkins 1984-2001
28%
586 Jalen Rose 1994-2007
27%
575 Jason Richardson 2001-2015
26%
573 Derek Harper 1983-1999
25%
811 Harrison Barnes 2012-Present
25%
635 Jim Barnes 1964-1970
25%
694 John Collins 2017-Present
25%
869 Kristaps Porziņģis 2015-Present
25%
696 Richard Jefferson 2001-2018
25%
990 Albert King 1981-1991
24%
747 Andrew Wiggins 2014-Present
24%
669 Byron Scott 1983-1997
24%
661 CJ McCollum 2013-Present
24%
709 Kevin Martin 2004-2016
24%
863 Marcus Smart 2014-Present
24%
898 Muggsy Bogues 1987-2001
23%
561 Pascal Siakam 2016-Present
23%
876 Ricky Rubio 2011-Present
23%
852 Serge Ibaka 2009-Present
23%
830 Aaron Brooks 2007-2018
22%
520 B.J. Armstrong 1989-2000
22%
540 Fred Lewis 1947-1952
22%
793 Antoine Carr 1984-2000
21%
858 Avery Bradley 2010-Present
21%
991 Buddy Hield 2016-Present
21%
825 Darius Garland 2019-Present
21%
826 Jamal Crawford 2000-2020
21%
697 Jonas Valančiūnas 2012-Present
21%
585 Mike Bibby 1998-2012
21%
724 Nicolas Batum 2008-Present
21%
932 Spud Webb 1985-1998
21%
850 Boris Diaw 2003-2017
20%
536 Brandon Roy 2006-2013
20%
895 Deandre Ayton 2018-Present
20%
658 Hedo Türkoğlu 2000-2015
20%
583 Jason Terry 1999-2018
20%
795 Satch Sanders 1960-1973
20%
752 Andrew Bogut 2005-2019
19%
924 Fred VanVleet 2016-Present
19%
771 Jusuf Nurkić 2014-Present
19%
998 RJ Barrett 2019-Present
19%
796 Brent Barry 1995-2009
18%
847 Bruce Bowen 1997-2009
18%
603 Cedric Maxwell 1977-1988
18%
774 Charlie Black 1947-1952
18%
684 Collin Sexton 2018-Present
18%
689 Darrell Griffith 1980-1991
18%
938 Elfrid Payton 2014-Present
18%
602 Hassan Whiteside 2010-Present
18%
799 Johnny Dawkins 1986-1995
18%
759 Brandon Knight 2011-Present
17%
831 Emeka Okafor 2004-2018
17%
862 Enes Freedom 2011-Present
17%
657 Jerome Kersey 1984-2001
17%
619 Malcolm Brogdon 2016-Present
17%
659 Chuck Person 1986-2000
16%
627 Corey Maggette 1999-2013
16%
632 Dennis Schröder 2013-Present
16%
864 Derrick Favors 2010-Present
16%
827 Marcin Gortat 2007-2019
16%
797 Orlando Woolridge 1981-1994
16%
578 Phil Ford 1978-1985
16%
787 Terry Rozier 2015-Present
16%
881 T.J. Ford 2003-2012
16%
614 Tony Campbell 1984-1995
16%
849 Tree Rollins 1977-1995
16%
629 Brandon Jennings 2009-2018
15%
728 Clint Capela 2014-Present
15%
915 Danilo Gallinari 2008-Present
15%
891 Devonte' Graham 2018-Present
15%
851 José Calderón 2005-2019
15%
644 Rony Seikaly 1988-2000
15%
779 Al Harrington 1998-2014
14%
553 Andrew Bynum 2005-2014
14%
670 Armen Gilliam 1987-2000
14%
648 Cedric Ceballos 1990-2001
14%
631 Greg Monroe 2010-Present
14%
768 Isaiah Rider 1993-2003
14%
742 Kirk Hinrich 2003-2016
14%
723 Luis Scola 2007-2017
14%
601 Raymond Felton 2005-2019
14%
833 Bonzi Wells 1998-2008
13%
857 Brian Shaw 1988-2003
13%
577 Johnny Moore 1980-1990
13%
883 T.J. Warren 2014-Present
13%
508 Walt Simon 1967-1974
13%
853 Patrick Beverley 2013-Present
12%
690 Scott Skiles 1986-1996
12%
729 Spencer Dinwiddie 2014-Present
12%
643 Wayman Tisdale 1985-1997
12%
834 Will Barton 2012-Present
12%
829 Andrea Bargnani 2006-2016
11%
859 Kris Humphries 2004-2017
11%
970 Lance Stephenson 2010-Present
11%
904 Chandler Parsons 2011-2020
10%
880 Gary Trent 1995-2004
10%
565 Pervis Ellison 1989-2000
10%
854 Benoit Benjamin 1985-1999
9%
576 Clarence Weatherspoon 1992-2005
9%
988 Clifford Ray 1971-1981
9%
501 Dana Barros 1989-2004
9%
764 Darrell Armstrong 1995-2008
9%
765 Dave Greenwood 1979-1991
9%
740 David Wesley 1993-2007
9%
518 Doug Collins 1973-1981
9%
962 Eric Snow 1995-2009
9%
950 Gerald Wilkins 1985-1999
9%
791 Jim Palmer 1958-1961
9%
828 John Long 1978-1997
9%
780 Mike Gminski 1980-1994
9%
630 Mike Newlin 1971-1982
9%
615 Pooh Richardson 1989-1999
9%
686 Robert Reid 1977-1991
9%
708 Rodney McCray 1983-1993
9%
634 Slick Leonard 1956-1963
9%
587 Swen Nater 1973-1984
9%
899 Vern Fleming 1984-1996
9%
981 Bob Faught 1946-1947
8%
688 Bob Ferry 1959-1969
8%
535 Bob Verga 1967-1974
8%
682 Bo Lamar 1973-1977
8%
605 Charles Smith 1988-1997
8%
710 Cuttino Mobley 1998-2008
8%
917 Darrell Walker 1983-1993
8%
794 Donyell Marshall 1994-2009
8%
725 Doug Christie 1993-2007
8%
524 Doug Moe 1967-1972
8%
964 Frank Brickowski 1984-1997
8%
604 Gar Heard 1970-1981
8%
589 Greg Ballard 1977-1989
8%
782 Harvey Grant 1988-1999
8%
528 Jamaal Magloire 2000-2012
8%
987 Jamaal Tinsley 2001-2013
8%
556 Jayson Williams 1990-2000
8%
785 Jim Chones 1972-1982
8%
916 Jim Washington 1965-1975
8%
902 Johnny Davis 1976-1986
8%
965 LaPhonso Ellis 1992-2003
8%
600 Leroy Ellis 1962-1976
8%
763 Michael Cage 1984-2000
8%
936 Mike Bantom 1973-1982
8%
667 Mike James 2001-2014
8%
626 Paul Pressey 1982-1993
8%
502 Ralph Beard 1949-1951
8%
918 Reggie Williams 1987-1997
8%
837 Roy Hinson 1983-1991
8%
860 Thurl Bailey 1983-1999
8%
789 Trooper Washington 1967-1973
8%
743 Troy Murphy 2001-2012
8%
781 Al Attles 1960-1971
7%
767 Billy Owens 1991-2001
7%
584 Billy Paultz 1970-1985
7%
867 Bison Dele 1991-1999
7%
633 Bob Gross 1975-1983
7%
798 Brevin Knight 1997-2009
7%
543 Bud Palmer 1946-1949
7%
539 Chris Gatling 1991-2002
7%
691 Curly Armstrong 1945-1951
7%
931 Dick Snyder 1966-1979
7%
557 Dino Martin 1946-1948
7%
961 Don Nelson 1962-1976
7%
636 Ed Fleming 1955-1960
7%
617 Elmore Smith 1971-1979
7%
879 Eric Murdock 1991-2000
7%
717 Ernie VanDeWeghe 1949-1956
7%
555 Fabricio Oberto 2005-2010
7%
613 Freddie Lewis 1966-1977
7%
865 George Carter 1967-1975
7%
609 George King 1951-1958
7%
838 George Lee 1960-1968
7%
677 Gerald Govan 1967-1976
7%
574 Herb Williams 1981-1999
7%
660 Howie Komives 1964-1974
7%
662 Jay Vincent 1981-1990
7%
527 Jeff Ruland 1981-1993
7%
534 Jerry Rizzo 1946-1949
7%
675 Jim McMillian 1970-1979
7%
912 Jim Paxson Sr. 1956-1958
7%
517 John Beasley 1967-1974
7%
777 John Chaney 1946-1950
7%
519 José Ortiz 1988-1990
7%
530 Josh Howard 2003-2012
7%
711 Ken Norman 1987-1997
7%
812 Kenny Carr 1977-1986
7%
953 Kerry Kittles 1996-2005
7%
810 Larry Siegfried 1963-1972
7%
784 Len Elmore 1974-1984
7%
815 Les Hunter 1964-1973
7%
727 Loy Vaught 1990-2001
7%
548 Luther Harris 1946-1949
7%
563 Marvin Barnes 1974-1980
7%
580 Max Morris 1947-1950
7%
984 Michael Beasley 2008-2019
7%
666 Milt Ticco 1948
7%
674 M. L. Carr 1975-1985
7%
607 Phil Jordon 1956-1963
7%
983 Rafer Alston 1999-2010
7%
855 Raja Bell 2001-2013
7%
722 Red Wallace 1946-1947
7%
905 Ron Mercer 1997-2005
7%
963 Sedale Threatt 1983-1997
7%
783 Terry Mills 1990-2001
7%
926 Toby Knight 1977-1982
7%
646 Tom Owens 1971-1983
7%
878 Wali Jones 1964-1976
7%
901 Walt Williams 1992-2003
7%
967 Wil Jones 1969-1978
7%
807 Andray Blatche 2005-2014
6%
716 Arnie Johnson 1946-1953
6%
652 Bill Closs 1946-1952
6%
841 Bob Harris 1949-1954
6%
707 Bob Lavoy 1950-1954
6%
832 Brian Taylor 1972-1982
6%
595 Bruce Hale 1947-1951
6%
758 Chuck Williams 1970-1978
6%
559 Clark Kellogg 1982-1987
6%
892 Danny Finn 1952-1955
6%
757 Derek Smith 1982-1991
6%
805 Don Boven 1949-1953
6%
885 Don May 1968-1975
6%
639 Eddie Miller 1952-1954
6%
986 Eddy Curry 2001-2012
6%
817 Eric Money 1974-1980
6%
572 Fernando Martín 1986-1987
6%
732 Gene Moore 1968-1975
6%
638 Gene Vance 1947-1952
6%
861 George McCloud 1989-2002
6%
731 Goose Ligon 1967-1974
6%
844 Guy Sparrow 1957-1961
6%
647 Happy Hairston 1964-1975
6%
882 Herm Gilliam 1969-1977
6%
566 Hoot Gibson 1948-1950
6%
868 Hub Reed 1958-1965
6%
750 Jake Carter 1949-1950
6%
999 Jeff McInnis 1996-2008
6%
985 Jim Brewer 1973-1982
6%
755 Jim Eakins 1968-1978
6%
598 Jim Hadnot 1967-1968
6%
546 Jim Homer 1947-1949
6%
745 John Williamson 1973-1980
6%
622 Ken Murray 1950-1955
6%
588 Kevin Loughery 1962-1973
6%
712 Marvin Webster 1975-1987
6%
699 Michael Williams 1988-1999
6%
599 Mike Bloom 1945-1949
6%
907 Mike Green 1973-1980
6%
655 Mike Lewis 1968-1974
6%
687 Mike Novak 1946-1954
6%
980 Mo Udall 1948-1949
6%
974 Reggie King 1979-1985
6%
650 Rod Thorn 1963-1971
6%
816 Ron Sobie 1956-1960
6%
937 Ron Williams 1968-1975
6%
676 Stew Johnson 1967-1976
6%
772 Tom Burleson 1974-1981
6%
934 Tom Hawkins 1959-1969
6%
939 Winston Garland 1987-1995
6%
948 Al Roges 1953-1955
5%
762 Angelo Musi 1946-1949
5%
790 Art Becker 1967-1972
5%
946 Bob Brown 1949-1950
5%
637 Bob Doll 1946-1950
5%
887 Bob Kinney 1945-1951
5%
645 Connie Dierking 1958-1971
5%
715 Curtis Perry 1970-1978
5%
703 Darel Carrier 1967-1973
5%
719 Dick Ricketts 1955-1958
5%
621 Don Sidle 1968-1972
5%
973 Eddie Jordan 1977-1984
5%
884 Ernie Beck 1953-1961
5%
945 Frank Gates 1946-1951
5%
874 Grady Lewis 1947-1949
5%
920 Joe Ellis 1966-1974
5%
900 John Bagley 1982-1993
5%
653 Lew Hitch 1951-1957
5%
921 Lloyd Neal 1972-1979
5%
640 Marshall Hawkins 1949-1950
5%
975 Med Park 1955-1960
5%
996 Ralph Davis 1960-1962
5%
516 Richie Regan 1955-1959
5%
529 Robert Gruenig 1948-1949
5%
888 Tony Jaros 1946-1951
5%
642 Tyrone Corbin 1985-2001
5%
889 Walt Kirk 1947-1952
5%
756 Willie Anderson 1988-1997
5%
685 Al Brightman 1946-1947
4%
562 Alexander Volkov 1989-1992
4%
989 Alex Hannum 1949-1957
4%
960 Al Guokas 1948-1950
4%
718 Andy Duncan 1947-1951
4%
760 Andy Johnson 1958-1962
4%
654 Art Heyman 1963-1970
4%
993 Art Spoelstra 1954-1958
4%
886 Barney Cable 1958-1964
4%
951 Ben Warley 1963-1970
4%
836 Bill Calhoun 1947-1955
4%
775 Bill McGill 1962-1970
4%
720 Bobby Cook 1948-1950
4%
505 Bob Calihan 1948-1949
4%
872 Bob Donham 1950-1954
4%
738 Bob Gerber 1945-1948
4%
821 Bob Hopkins 1956-1962
4%
940 Bob Tough 1945-1950
4%
840 Bryant Reeves 1995-2001
4%
692 Charlie Tyra 1957-1962
4%
526 Chips Sobek 1945-1950
4%
581 Chuck Gilmur 1946-1951
4%
913 Chuck Mencel 1955-1957
4%
952 Dale Hamilton 1950
4%
903 Darnell Hillman 1971-1980
4%
671 Dave Gambee 1958-1970
4%
1,000 Dennis Awtrey 1970-1982
4%
625 Dick Holub 1947-1948
4%
800 Dick Schulz 1946-1950
4%
618 Don Carlson 1946-1951
4%
713 Earl Lloyd 1950-1960
4%
554 Earl Shannon 1946-1949
4%
845 Ed Peterson 1948-1951
4%
957 Fran Curran 1948-1950
4%
678 Fred Hetzel 1965-1971
4%
593 George Senesky 1946-1954
4%
906 Glen Combs 1968-1975
4%
977 Glen Selbo 1949-1950
4%
547 Howie Dallmar 1946-1949
4%
551 Howie Shannon 1948-1950
4%
941 Ira Harge 1967-1973
4%
681 Jack Kerris 1949-1953
4%
949 Jerry Steiner 1945-1947
4%
933 Jim Barnett 1966-1977
4%
954 Jim Krebs 1957-1964
4%
726 John Barnhill 1962-1972
4%
550 John Brisker 1969-1975
4%
803 Johnny McCarthy 1956-1964
4%
533 Johnny Neumann 1971-1977
4%
721 Johnny Sebastian 1947-1948
4%
679 Julius Keye 1969-1975
4%
571 Larry Cannon 1969-1974
4%
994 Lee Knorek 1946-1950
4%
510 Lee Shaffer 1961-1964
4%
512 Leo Klier 1946-1951
4%
683 Leo Kubiak 1948-1950
4%
506 Leo Mogus 1946-1951
4%
818 Manny Leaks 1968-1974
4%
504 Mel Riebe 1946-1949
4%
955 Michael Brooks 1980-1988
4%
959 Moe Becker 1946-1947
4%
935 Odie Spears 1948-1957
4%
663 Paul Cloyd 1947-1950
4%
748 Paul Neumann 1961-1967
4%
929 Ralph Hamilton 1947-1949
4%
819 Randy Denton 1971-1977
4%
522 Ray Lumpp 1948-1953
4%
594 Red Robbins 1967-1975
4%
620 Reggie Harding 1964-1968
4%
947 Ticky Burden 1975-1978
4%
835 Toby Kimball 1966-1975
4%
700 Tom Boerwinkle 1968-1978
4%
944 Tommy Byrnes 1946-1951
4%
737 Walt Budko 1948-1952
4%
786 Wayne Hightower 1962-1972
4%
966 Al Bianchi 1956-1966
3%
761 Bill Tosheff 1951-1954
3%
596 Billy Hassett 1946-1951
3%
871 Bird Averitt 1973-1978
3%
701 Carlisle Towery 1946-1950
3%
919 Chico Vaughn 1962-1970
3%
612 Dave Robisch 1971-1984
3%
801 Dave Stallworth 1965-1974
3%
997 Dick Rosenthal 1954-1957
3%
911 Floyd Volker 1949-1950
3%
608 George Glamack 1945-1949
3%
541 George Nostrand 1946-1950
3%
928 Jack Burmaster 1949-1950
3%
570 Jimmy Darden 1946-1950
3%
531 John Hargis 1947-1951
3%
582 John Janisch 1946-1947
3%
788 Kelvin Ransey 1980-1986
3%
558 Levern Tart 1967-1971
3%
611 Mike McCarron 1946-1950
3%
746 Mike Riordan 1968-1977
3%
992 Price Brookfield 1947-1950
3%
972 Rick Roberson 1969-1976
3%
693 Rollie Seltz 1948-1950
3%
792 Stan Stutz 1946-1948
3%
714 Stu Lantz 1968-1977
3%
870 Wendell Ladner 1970-1975
3%
545 Willie Somerset 1965-1970
3%
606 Bucky Bockhorn 1958-1965
2%
802 Dave Piontek 1956-1963
2%
976 Don Putman 1946-1950
2%
542 Don Sunderlage 1953-1955
2%
822 Irv Torgoff 1946-1949
2%
769 Jack McMahon 1952-1960
2%
922 Jim McElroy 1975-1982
2%
776 Jim Seminoff 1946-1950
2%
656 Johnny Norlander 1945-1950
2%
749 Mickey Rottner 1945-1948
2%
664 Vern Gardner 1949-1952
2%
525 Warren Jabali 1968-1975
2%
908 Andrew Levane 1945-1953
1%
893 Charles Hardnett 1962-1965
1%
730 Cincy Powell 1967-1975
1%
943 Gary Phillips 1961-1966
1%
579 Herm Schaefer 1946-1950
1%
890 John Shumate 1975-1981
1%
624 Skip Thoren 1967-1970
1%
814 Stan Patrick 1949-1950
1%
704 Whitey Skoog 1951-1957
1%
773 Win Wilfong 1957-1963
1%
569 Antoine Rigaudeau 2003
0%
736 Ariel Maughan 1946-1951
0%
592 Bill Melchionni 1966-1976
0%
923 Billy Kenville 1954-1960
0%
590 Bob Netolicky 1967-1976
0%
824 Bulbs Ehlers 1947-1949
0%
820 Cal Christensen 1950-1955
0%
564 Coulby Gunther 1948-1949
0%
839 Dick Schnittker 1950-1958
0%
733 Dillard Crocker 1948-1953
0%
846 Don Henriksen 1952-1955
0%
866 E.C. Coleman 1973-1978
0%
823 Ed Kalafat 1954-1957
0%
873 Ed Lewinski 1946-1949
0%
513 Ed Stanczak 1946-1951
0%
706 Ernie DiGregorio 1973-1978
0%
969 Erwin Mueller 1966-1973
0%
544 Frank Baumholtz 1946-1947
0%
956 Frank Kudelka 1949-1953
0%
651 Greivis Vásquez 2010-2016
0%
537 Hal Tidrick 1945-1949
0%
560 Hank Beenders 1946-1948
0%
511 Harry Boykoff 1950-1951
0%
910 Jack Garfinkel 1945-1949
0%
751 Jack Stephens 1955-1956
0%
649 Jake Pelkington 1945-1949
0%
842 Jerry Fleishman 1946-1953
0%
680 Jim Baechtold 1952-1957
0%
591 Jim Loscutoff 1955-1964
0%
979 Joe Strawder 1965-1968
0%
597 John Abramovic 1946-1948
0%
702 John Mahnken 1945-1953
0%
894 Johnny Macknowski 1948-1951
0%
978 Lou Tsioropoulos 1956-1959
0%
514 Milo Komenich 1946-1950
0%
735 Monk Meineke 1952-1958
0%
695 Ossie Schectman 1946-1947
0%
958 Ralph Kaplowitz 1946-1948
0%
739 Saul Mariaschin 1947-1948
0%
925 Shellie McMillon 1958-1962
0%
930 Sid Tanenbaum 1947-1949
0%
734 Sonny Hertzberg 1946-1951
0%
778 Stan Noszka 1946-1949
0%
623 Steve Chubin 1967-1970
0%
705 Wally Osterkorn 1951-1955
0%
538 Whitey Von Nieda 1947-1950
0%
995 Zeke Zawoluk 1952-1955
0%
No matching quizzes found
Score Distribution
Percent of People with Each Score
Percentile by Number Answered
Your Score History
You have not taken this quiz